Statistics for Canadian Cities A-Z

Click here to take the quiz!

General Stats

  • This quiz has been taken 54 times
  • The average score is 11 of 23

Answer Stats

LetterPopulationCity% Correct
V2 313 328Vancouver
98%
M3 824 221Montreal
93%
O1 236 324Ottawa
93%
T5 583 064Toronto
93%
E1 159 826Edmonton
88%
C1 214 839Calgary
83%
Q765 706Quebec City
80%
W730 018Winnipeg
75%
Y19 234Yellowknife
58%
L474 786London
50%
R210 556Regina
48%
A170 191Abbotsford
45%
H721 053Hamilton
45%
S260 600Saskatoon
43%
F94 268Fredericton
33%
K477 160Kitchener
33%
B187 013Barrie
23%
G141 097Guelph
23%
P118 975Peterborough
15%
D88 480Drummondville
13%
N392 184Niagara
8%
J46 932Jolette
3%
I12 146Ingersoll
0%

Score Distribution

Percentile by Number Answered

Percent of People with Each Score

Your Score History

You have not taken this quiz